000 01147cam a22002891i 4500
003 SA-RiAUC
005 20251002072441.0
008 251001s2006 su g 00010cara c
020 _a996052776X
040 _aSA-MaUQU
_bara
_cSA-RiAUC
_erda
043 _aa-su---
050 4 _b.M34 2006
082 0 4 _a922.2
_qSA-RiAUC
090 _a922.2
_bم غ ر
100 1 _aالمغربي، أحمد بن محمد بن أحمد
_eمؤلف.
245 1 2 _aالقراء الأعلام في البلد الحرام من القرن الأول إلى آخر القرن السابع للهجرة النبوية /
_cأحمد بن محمد المغربي.
264 1 _aجدة، السعودية :
_bدار الشريف،
_c[2006]
300 _a166 صفحة ؛
_c24 سم
336 _aنص
_btxt
_2rdacontent
_3كتاب
337 _aبدون وسيط
_bn
_2rdamedia
338 _aمجلد
_bnc
_2rdacarrier
630 2 7 _aالقرآن
_xقراء
_vتراجم
_2aucut
650 7 _aالعلماء المسلمون
_zالسعودية
_vتراجم
_2aucsh
730 2 2 _aالقرآن
942 _2ddc
_cBOOK
_n0
949 _aSA-JeALM
_d251001
_umohamedma123
_n1
999 _c12331
_d12331